Proportionality in the philosophy of punishment: from Why punish? in How much

Guardado en:  
Detalles Bibliográficos
Autor principal: Von Hirsch, Andrew 1934- (Autor)
Tipo de documento: Print Artículo
Lenguaje:Inglés
Publicado: 1990
En: Criminal law forum
Año: 1990, Volumen: 1, Número: 2, Páginas: 259-290
Verificar disponibilidad: HBZ Gateway
Palabras clave:

MARC

LEADER 00000caa a22000002c 4500
001 1640053204
003 DE-627
005 20220608130940.0
007 tu
008 160223s1990 xx ||||| 00| ||eng c
035 |a (DE-627)1640053204 
035 |a (DE-576)45604048X 
035 |a (DE-599)BSZ45604048X 
040 |a DE-627  |b ger  |c DE-627  |e rakwb 
041 |a eng 
100 1 |a Von Hirsch, Andrew  |d 1934-  |0 (DE-588)112879950  |0 (DE-627)48756667X  |0 (DE-576)163441545  |4 aut 
109 |a Von Hirsch, Andrew 1934-  |a Von Hirsch, Andreas 1934-  |a VonHirsch, Andrew 1934-  |a VonHirsch, Andreas 1934-  |a Hirsch, Andrew von 1934-  |a Hirsch, Andreas von 1934- 
245 1 0 |a Proportionality in the philosophy of punishment: from Why punish? in How much  |c Andrew Von Hirsch 
264 1 |c 1990 
336 |a Text  |b txt  |2 rdacontent 
337 |a ohne Hilfsmittel zu benutzen  |b n  |2 rdamedia 
338 |a Band  |b nc  |2 rdacarrier 
773 0 8 |i In  |t Criminal law forum  |d Dordrecht [u.a.] : Springer, 1989  |g 1(1990), 2, Seite 259-290  |w (DE-627)170773248  |w (DE-600)1103915-2  |w (DE-576)028052536  |x 1046-8374  |7 nnas 
773 1 8 |g volume:1  |g year:1990  |g number:2  |g pages:259-290 
935 |a mkri 
951 |a AR 
ELC |b 1 
LOK |0 000 xxxxxcx a22 zn 4500 
LOK |0 001 3301322425 
LOK |0 003 DE-627 
LOK |0 004 1640053204 
LOK |0 005 20160223101046 
LOK |0 008 160208||||||||||||||||ger||||||| 
LOK |0 040   |a DE-21-110  |c DE-627  |d DE-21-110 
LOK |0 689   |a s  |a Straftheorien 
LOK |0 689   |a s  |a Strafrechtsphilosophie 
LOK |0 852   |z Kein Bestand am IfK; Nachweis für KrimDok 
LOK |0 852   |a DE-21-110 
LOK |0 852 1  |m v  |9 00 
LOK |0 935   |a k110 
LOK |0 938   |k v 
LOK |0 939   |a 08-02-16  |b l01 
ORI |a SA-MARC-krimdoka001.raw